| 000 | 02915cam a22004454i 4500 | ||
|---|---|---|---|
| 003 | PE-LiUPU | ||
| 005 | 20250731183437.0 | ||
| 008 | 150706s r 000 0 d | ||
| 035 | _a(Sirsi) a52012 | ||
| 040 |
_aPE-LiUPU _bspa _cPE-LiUPU _erda |
||
| 049 | _aPRUA | ||
| 082 | 0 | 4 |
_a720.986105 _bE78 _221 |
| 245 | 0 | 1 |
_aEquipamientos. Ordenar la ciudad / _ceditor Casa Editorial Escala S.A. ; director David Serna Cárdenas ; colaboración de Ángela María Franco. [et al.]. |
| 264 | 1 |
_aBogotá : _bEscala, _c2010. |
|
| 300 |
_a125 páginas : _bilustraciones ; _c35 cm. |
||
| 336 |
_atext _2rdacontent |
||
| 337 |
_aunmediated _2rdamedia |
||
| 338 |
_avolume _2rdacarrier |
||
| 490 | 0 |
_aPaquetes temáticos ; _v219 |
|
| 500 | _aISSN: 0120-6702Incluye reseñas de: Libros, concursos. | ||
| 505 | 0 | _aHomenaje a Fernando Castillo Velasco -- Re-construcción, motivo de la Bienal chilena de 2010 -- 2010 año de dos bienales -- Ciudad y equipamientos. Relaciones para el desarrollo social -- Equipamientos. Ordenar la ciudad -- Nueva terminal aeropuerto internacional Carrasco. Montevideo - Uruguay -- Línea H de subterráneos. Buenos aires - Argentina -- Expresso tiradentes. São Paulo, SP - Brasil -- Estación de bomberos Ave Fenix. Distrito Federal - México -- Escenarios deportivos. Medellín - Colombia -- Centro cultural biblioteca pública Julio Mario Santo Domingo. Bogotá - Colombia -- Colegio Distrital Porfirio Barba Jacob. Bogotá - Colombia -- Estación de Policía Belén. Medellín - Colombia -- Cai Periférico. Medellín - Colombia -- Intercambiador vial neomundo. Bucaramanga - Colombia -- Reconfiguración Urbana "Mesón de los Búcaros". Bucaramanga - Colombia. Intercambiador Av. Quebrada Seca con Cra. 15. Bucaramanga - Colombia -- Puertas abiertas -- Expo Shanghái 2010 -- Barclay & Crousse -- Centro de interpretación ingapirca. | |
| 526 | _aP158 | ||
| 526 | _aP146 | ||
| 526 | _aP17 | ||
| 526 | _aP12 | ||
| 526 | _aP06 | ||
| 541 | _g004-000770; | ||
| 650 | 0 | 4 |
_aArquitectura latinoamericana _vPublicaciones seriadas. |
| 650 | 0 | 4 |
_aArquitectura latinoamericana _vFotografías _vPublicaciones seriadas. |
| 650 | 0 | 4 |
_aDiseño arquitectónico _zAmérica Latina _vPublicaciones seriadas. |
| 650 | 0 | 4 |
_aArquitectos latinoamericanos _vPublicaciones seriadas. |
| 700 | 1 |
_aSerna Cárdenas, David, _edir. |
|
| 710 | 2 | _aCasa Editorial Escala S.A. | |
| 910 |
_afsr _cfsr _d20130108 |
||
| 942 |
_2ddc _cBOOK |
||
| 949 |
_a720.986105 E78 219 _wDEWEY _c1 _i66336 _lCCODEBUL1 _mBUL _p31.00 _r0 _sY _tLIBRO _u2015-07-06 _xINGENIERIA _PP06 _o.STAFF. Colección General |
||
| 994 |
_aC0 _bPEPRU |
||
| 596 | _a1 | ||
| 999 |
_a720.986105 E78 219 _wDEWEY _c54598 _i66336 _d54598 _e2016-4-12 _f2021-11-9 _g4 _lCCODEBUL1 _mBUL _n1 _p31.00 _q1 _r0 _sY _tBOOK _u2015-7-6 _xINGENIERIA _PP06 _0COMPRA _o.STAFF. Colección General |
||
| 980 |
_81 _gALBERTO SANCHEZ Responsable de Automatización |
||